• 首页
  • 本馆介绍
  • 公告通知
  • 最新文献
  • 馆藏检索
  • 电子资源
  • 读者导购
  • 参考咨询
  • 我的图书馆
  • 登录
  • 详细信息显示
  • 放入我的书架
  • 预约/预借图书
  • 作者相关作品
  • 分类相关作品
  • 丛书相关作品
  • 出版社相关作品

书目信息

  • 表格格式
  • 工作单格式
  • 卡片格式
题名:
崩溃已经来临
    
 
作者: 奥特 著 ;何梦舒 , 杜立鹏 , 李小龙 译
分册:  
出版信息: 天津   天津教育出版社  2009
页数: 12,218页
开本: 25cm
丛书名:
单 册:
中图分类: F113.7
科图分类:
主题词: 经济危机--研究--世界 , 经济危机
电子资源:
ISBN: 978-7-5309-5389-1
000 01521nam0 2200325 45
001 1029502202
005 20100428090758.73
010    @a978-7-5309-5389-1@dCNY32.00
100    @a20090304d2009 em y0chiy0120 ea
101 1  @achi@cger
102    @aCN@b120000
105    @ay z 000yy
106    @ar
200 1  @a崩溃已经来临@ABeng Kui Yi Jing Lai Lin@e新一轮世界经济危机以及应对措施@EXin Yi Lun Shi Jie Jing Ji Wei Ji Yi Ji Ying Dui Cuo Shi@dDer Crash Kommt : Die neue Weltwirtschaftskriese und wie Sie sich darauf vorbereiten@f(德) 马克斯·奥特(Max Otte)著@F( De ) Ma Ke Si· Ao Te (Max Otte) Zhu@g何梦舒,杜立鹏,李小龙译@zeng
210    @a天津@c天津教育出版社@d2009
215    @a12,218页@d25cm
300    @a弘文财经馆 商业瞭望
305    @a由德国艾孔出版社通过德国海格立斯贸易文化发展有限公司授权出版
330    @a本书是对本次经济危机的详细描述,作者通过对全世界经济的宏观分析,指出了本次经济危机的起源、即将出现的结果,以及政府、产业界和普通大众在本次金融危机中应扮演的角色。
510 1  @aDer Crash Kommt : Die neue Weltwirtschaftskriese und wie Sie sich darauf vorbereiten@zeng
517 1  @a新一轮世界经济危机以及应对措施@AXin Yi Lun Shi Jie Jing Ji Wei Ji Yi Ji Ying Dui Cuo Shi
606 0  @a经济危机@x研究@y世界
606 0  @a经济危机
690    @aF113.7@v4
701  1 @a奥特@AAo Te@g(Otte, Max)@4著
702  0 @a何梦舒@AHe Meng Shu@4译
702  0 @a杜立鹏@ADu Li Peng@4译
702  0 @a李小龙@ALi Xiao Long@4译
801  0 @aCN@bTANGWEI@c20100428
905    @b0596428-32@dF113.7@e147@f5
    
    崩溃已经来临:新一轮世界经济危机以及应对措施=Der Crash Kommt : Die neue Weltwirtschaftskriese und wie Sie sich darauf vorbereiten/(德) 马克斯·奥特(Max Otte)著/何梦舒,杜立鹏,李小龙译.-天津:天津教育出版社,2009
    12,218页;25cm
    弘文财经馆 商业瞭望
    
    ISBN 978-7-5309-5389-1:CNY32.00
    本书是对本次经济危机的详细描述,作者通过对全世界经济的宏观分析,指出了本次经济危机的起源、即将出现的结果,以及政府、产业界和普通大众在本次金融危机中应扮演的角色。
●
相关链接 在E读中查询图书 在五车中查询图书 在当当中查询图书 在豆瓣中查询图书


正题名:崩溃已经来临     索取号:F113.7/147         预约/预借

序号 登录号 条形码 馆藏地/架位号 状态 备注
1 0596428   205964287   第一样本阅览室/ [索取号:F113.7/147] 在馆    
2 0596429   205964296   第一借阅区/ [索取号:F113.7/147] 在馆    
3 0596430   205964303   第一借阅区/ [索取号:F113.7/147] 在馆    
4 0596431   205964312   第一借阅区/ [索取号:F113.7/147] 在馆    
5 0596432   205964321   第一借阅区/ [索取号:F113.7/147] 在馆    
唐山师范学院图书馆 欢迎您!
大连网信软件有限公司© 版权所有